Post-Digital, Post-Internet Art and Education (Record no. 29234)
[ view plain ]
| 000 -LEADER | |
|---|---|
| fixed length control field | 00870nam a2200121Ia 4500 |
| 008 - FIXED-LENGTH DATA ELEMENTS--GENERAL INFORMATION | |
| fixed length control field | 220620s9999||||xx |||||||||||||| ||und|| |
| 245 #0 - TITLE STATEMENT | |
| Title | Post-Digital, Post-Internet Art and Education |
| Remainder of title | The Future is All-Over |
| 546 ## - LANGUAGE NOTE | |
| Language note | English[eng] |
| 650 ## - SUBJECT ADDED ENTRY--TOPICAL TERM | |
| Topical term or geographic name entry element | Creativity and Arts Education||Media and Communication||Audio-Visual Culture||Education, general||Digital/New Media||Media Culture||Visual Culture||Culture and Technology||Media Education||Digital and New Media||Digital Learning||Art Education||Post-Internet Art||Post-Digital Art||Digital Media||Open Access||Teaching of a specific subject||The Arts||Media studies||Performing arts||Cultural studies||Education||Media studies: Internet, digital media & society |
| 700 ## - ADDED ENTRY--PERSONAL NAME | |
| Personal name | Tavin, Kevin||Kolb, Gila||Tervo, Juuso |
| 856 ## - ELECTRONIC LOCATION AND ACCESS | |
| Uniform Resource Identifier | <a href="https://library.oapen.org/bitstream/20.500.12657/50036/1/978-3-030-73770-2.pdf">https://library.oapen.org/bitstream/20.500.12657/50036/1/978-3-030-73770-2.pdf</a> |
| 942 ## - ADDED ENTRY ELEMENTS (KOHA) | |
| Koha item type | E-Books |
| Withdrawn status | Lost status | Damaged status | Not for loan | Home library | Current library | Date acquired | Total Checkouts | Date last seen | Price effective from | Koha item type |
|---|---|---|---|---|---|---|---|---|---|---|
| Kerala University of Digital Sciences, Innovation and Technology Knowledge Centre | Kerala University of Digital Sciences, Innovation and Technology Knowledge Centre | 20/06/2022 | 20/06/2022 | 20/06/2022 | E-Books |